16 Little Geography Pictograms II Quiz Stats

 Plays Quiz Updated Mar 29, 2018

Score 0/16 Timer 06:00
8 Plays Today
Hint Answer % Correct
Grenada
96.2%
Greece
88.2%
Cuba
85.6%
Kingston
84.7%
Black Sea
84.5%
Iraq
84%
Belize
81.7%
Kathmandu
78.7%
Hint Answer % Correct
Greenland
72.7%
Moscow
70.5%
Bering Strait
65.5%
Comoros
63.7%
Baltimore
60%
Arctic
54.8%
Quito
54.7%
Windhoek
41.8%

You're not logged in!

Compare scores with friends on all Sporcle quizzes.
OR
Log In

Sporcle TV

Today on Sporcle TV


Watch our educational content, quiz creation guides, and fun videos on Sporcle TV.

Show Comments

Extras

Top Quizzes Today


Score Distribution

Your Account Isn't Verified!

In order to create a playlist on Sporcle, you need to verify the email address you used during registration. Go to your Sporcle Settings to finish the process.

Report this User

Report this user for behavior that violates our Community Guidelines.

Details: